El olvido está lleno de memoria /

Guardado en:
Autor Principal: Benedetti, Mario
Formato: Libro
Publicado: Buenos Aires : Sudamericana, 2000
Series:Biblioteca Mario Benedetti
Materias:
Etiquetas: Agregar Etiqueta
Sin Etiquetas, Sea el primero en etiquetar este registro!
LEADER 00575nam a22001935a 4500
001 CEM.cems010689
008 130507s2000##################000#0#####d
005 20250428090926.0
245 1 0 |a El olvido está lleno de memoria /  |c Mario Benedetti 
260 |a Buenos Aires :  |b Sudamericana,  |c 2000 
300 |a 147 p. 
490 0 |a Biblioteca Mario Benedetti 
020 |a 9500718146 
100 1 |a Benedetti, Mario 
082 0 4 |a U861.4 
653 |a Literatura 
653 |a Poesía uruguay-siglo 20 
653 |a Poesías 
859 |a CEMS  |b BIB. CEMS - 11 de abril  |h U861.4  |i B434-3  |p 21315.01  |t Ej.1